| 000 | 00445nam a2200181Ia 4500 | ||
|---|---|---|---|
| 001 | 14219 | ||
| 005 | 20260306164858.0 | ||
| 008 | 260306t2008||||xx |||||||||||||| ||spa|| | ||
| 041 | _aESP | ||
| 082 |
_a510.0711 _bH14 |
||
| 100 |
_aHaeussler, Ernest F. _eAUT |
||
| 245 | 0 | _aMatemáticas para administracion y economía | |
| 260 | _c2008 | ||
| 300 |
_a920 páginas : _c27 cm. |
||
| 650 | _aGEN | ||
| 654 | _aCMA | ||
| 942 |
_cLIB _dJUS _fJUS _2ddc _n |
||
| 999 |
_c14219 _d14219 |
||